000 00722nam a2200193Ia 4500
008 190412s9999 xx 000 0 und d
100 _aGeorge Valetsianos, Shandell Houlden, Jaigirs Hodson, & Chandell Gosse
245 _aWomen scholars' experiences with online harassment and abuse: Self-protection, resistance, acceptance, and self-blame /
245 _cGeorge Valetsianos, Shandell Houlden, Jaigirs Hodson, & Chandell Gosse
260 _bSage
260 _c2018
300 _apages 4689-4708, December 2018
440 _aNew Media & Society
_v20 (12)
650 _aAbuse & Harrassment
650 _aFaculty Harassment
650 _aFemale Harassment
650 _aMEDIA & SOCIETY
942 _2lcc
_cSE
999 _c361410
_d361410